000 01712cad a22002535a 4500
001 L149722
008 100414s20100413xxkd f s f000 0 eng d
020 _a9781409824411
035 _a(Sirsi) u149722
041 0 _aeng
050 0 4 _a333.33 $2 18
110 1 _aUnited Kingdom
_bDepartment for Communities and Local Government
_94939
245 0 0 _aHouse price index
_bFebruary 2010
_h[electronic resource]
260 _aLondon
_bDCLG
_c2010
490 0 _aDCLG House Price Index
_vFebruary 2010
520 _aUK house prices have increased by 7.4% since February 2009 and 0.1% lower than in January 2010. The mix-adjusted average house price was £204 359 in February 2010 (not seasonally adjusted). UK house prices rose by 2.9% in the quarter ending February 2010 compared with a rise of 3.4% in the quarter ending November 2009 (seasonally adjusted). Annual average house prices rose by 7.9% in England, 4.2% in Scotland and 4.7% in Wales but fell in Northern Ireland by 8.3%. Annual average house prices paid by first time buyers in February 2010 were 9.3% higher than a year ago. By comparison average house prices paid by former owner occupiers were 6.6% higher. Annual average house prices paid for new properties in February 2010 were 3.9% lower than a year ago. By comparison average house prices paid on pre-owned dwellings were 8.2% higher.
521 _aAdvanced
590 _aKA NTK
650 2 4 _aDCLG HOUSE PRICE INDEX
651 4 _aUnited Kingdom
_y
690 _aPROPERTY-RESIDENTIAL PROPERTY-RESIDENTIAL PROPERTY MARKET
856 4 0 _uhttps://www.communities.gov.uk/documents/statistics/pdf/1537735.pdf
_zView this online document free of charge at www.communities.gov.uk
942 _n0
999 _c110610
_d110610